|
|
|
|
| LEADER |
03282nam a22004213i 4500 |
| 001 |
EBC5049111 |
| 003 |
MiAaPQ |
| 005 |
20231204023214.0 |
| 006 |
m o d | |
| 007 |
cr cnu|||||||| |
| 008 |
231204s1997 xx o ||||0 ger d |
| 020 |
|
|
|a 9783110937343
|q (electronic bk.)
|
| 020 |
|
|
|z 9783484350571
|
| 035 |
|
|
|a (MiAaPQ)EBC5049111
|
| 035 |
|
|
|a (Au-PeEL)EBL5049111
|
| 035 |
|
|
|a (OCoLC)1149248321
|
| 040 |
|
|
|a MiAaPQ
|b eng
|e rda
|e pn
|c MiAaPQ
|d MiAaPQ
|
| 050 |
|
4 |
|a PT405.E49 1997
|
| 082 |
0 |
|
|a 830.90091
|
| 100 |
1 |
|
|a Enderle-Ristori, Michaela.
|
| 245 |
1 |
0 |
|a Markt und Intellektuelles Kräftefeld :
|b Literaturkritik Im Feuilleton Von Pariser Tageblatt und Pariser Tageszeitung (1933-1940).
|
| 250 |
|
|
|a 1st ed.
|
| 264 |
|
1 |
|a Tübingen :
|b Walter de Gruyter GmbH,
|c 1997.
|
| 264 |
|
4 |
|c {copy}1997.
|
| 300 |
|
|
|a 1 online resource (444 pages)
|
| 336 |
|
|
|a text
|b txt
|2 rdacontent
|
| 337 |
|
|
|a computer
|b c
|2 rdamedia
|
| 338 |
|
|
|a online resource
|b cr
|2 rdacarrier
|
| 490 |
1 |
|
|a Studien und Texte Zur Sozialgeschichte der Literatur Series ;
|v v.57
|
| 505 |
0 |
|
|a Intro -- Inhaltsverzeichnis -- Abkürzungsverzeichnis -- Einleitung -- I. Das Exilorgan PTB/PTZ und seine Stellung in der Öffentlichkeit -- 1. Die Tageszeitung der deutschen Emigration in Frankreich -- 2. Öffentlichkeit der deutschen Emigration und französische Öffentlichkeit -- II. Literaturkritik als Ware -- 3. Die Stellung von PTB und PTZ innerhalb des literarischen Marktes der deutschen Emigration in Frankreich -- III. Literaturkritik als Diskurs -- 4. Strukturelle Bedingungen literarischer Kritik vor und nach 1933 und Konstituierung des literaturkritischen Diskurses im Exil -- 5. Der literaturkritische Diskurs in PTB und PTZ: ein Instrument in der Konkurrenz um kulturelle Legitimität -- Schlussbemerkung -- Anhang -- Quellen- und Literaturverzeichnis -- Personenregister.
|
| 520 |
|
|
|a Die Studien und Texte zur Sozialgeschichte der Literatur (STSL)veröffentlichen seit 1975 herausragende literatur-, geschichts- und kulturwissenschaftliche Arbeiten zur vornehmlich deutschen Literatur vom Mittelalter bis zur Gegenwart. Schwerpunkt der literaturgeschichtlichen und theoretischen Abhandlungen sowie der Quellen- und Materialienbände ist das Verhältnis von literarischem Text und gesellschaftlich-historischem Kontext. Als maßgebliche Publikationsreihe einer seit den 1960er Jahren einflussreichen Sozialgeschichte der Literatur prägt STSL zugleich die literaturwissenschaftliche Diskussion über mögliche Austauschbeziehungen zwischen Literatur-, Geschichts- und Sozialwissenschaften.
|
| 588 |
|
|
|a Description based on publisher supplied metadata and other sources.
|
| 590 |
|
|
|a Electronic reproduction. Ann Arbor, Michigan : ProQuest Ebook Central, 2023. Available via World Wide Web. Access may be limited to ProQuest Ebook Central affiliated libraries.
|
| 655 |
|
4 |
|a Electronic books.
|
| 776 |
0 |
8 |
|i Print version:
|a Enderle-Ristori, Michaela
|t Markt und Intellektuelles Kräftefeld
|d Tübingen : Walter de Gruyter GmbH,c1997
|z 9783484350571
|
| 797 |
2 |
|
|a ProQuest (Firm)
|
| 830 |
|
0 |
|a Studien und Texte Zur Sozialgeschichte der Literatur Series
|
| 856 |
4 |
0 |
|u https://ebookcentral.proquest.com/lib/matrademy/detail.action?docID=5049111
|z Click to View
|